Экономика фирмы: учебное пособие для вузов

Bibliographische Detailangaben
1. Verfasser: Балашов А. И. Алексей Игоревич
Zusammenfassung:В учебном пособии рассматриваются основы экономики фирмы: среда и организационно-правовые формы ведения предпринимательской деятельности, управление ресурсами коммерческой организации, алгоритм организации производственной деятельности и методы стратегического развития фирмы. Отдельное внимание в работе уделено освещению роли аналитической деятельности в управлении коммерческой организацией. Для учебного пособия характерны компактная структура, четкость формулировок, методически выверенное изложение, наличие необходимых практических примеров, облегчающих восприятие материала. Предназначено для студентов высших учебных заведений экономических специальностей, изучающих дисциплины «Экономика фирмы», «Экономика предприятия», «Экономика организации», магистрантов, аспирантов, преподавателей, а также может быть интересно всем интересующимся вопросами экономики фирмы.
Sprache:Russisch
Veröffentlicht: Ростов-на-Дону, Феникс, 2010
Schriftenreihe:Высшее образование
Schlagworte:
Format: MixedMaterials Buch
KOHA link:https://koha.lib.tpu.ru/cgi-bin/koha/opac-detail.pl?biblionumber=186602

MARC

LEADER 00000nam0a2200000 4500
001 186602
005 20231101224008.0
010 |a 9785222163030 
035 |a (RuTPU)RU\TPU\book\202458 
090 |a 186602 
100 |a 20101101d2010 m y0rusy50 ca 
101 0 |a rus 
102 |a RU 
105 |a a j 001zy 
200 1 |a Экономика фирмы  |e учебное пособие для вузов  |f А. И. Балашов 
210 |a Ростов-на-Дону  |c Феникс  |d 2010 
215 |a 352 с.  |c ил. 
225 1 |a Высшее образование 
320 |a Библиогр.: с. 312-319. 
330 |a В учебном пособии рассматриваются основы экономики фирмы: среда и организационно-правовые формы ведения предпринимательской деятельности, управление ресурсами коммерческой организации, алгоритм организации производственной деятельности и методы стратегического развития фирмы. Отдельное внимание в работе уделено освещению роли аналитической деятельности в управлении коммерческой организацией. Для учебного пособия характерны компактная структура, четкость формулировок, методически выверенное изложение, наличие необходимых практических примеров, облегчающих восприятие материала. Предназначено для студентов высших учебных заведений экономических специальностей, изучающих дисциплины «Экономика фирмы», «Экономика предприятия», «Экономика организации», магистрантов, аспирантов, преподавателей, а также может быть интересно всем интересующимся вопросами экономики фирмы. 
606 1 |a Фирмы  |x Экономика  |2 stltpush  |3 (RuTPU)RU\TPU\subj\37240  |9 58338 
610 1 |a предприятия 
610 1 |a рыночная экономика 
610 1 |a предпринимательская деятельность 
610 1 |a основные фонды 
610 1 |a амортизация 
610 1 |a оценка 
610 1 |a учет 
610 1 |a использование 
610 1 |a оборотные фонды 
610 1 |a управление 
610 1 |a персонал 
610 1 |a труд 
610 1 |a производительность труда 
610 1 |a оплата труда 
610 1 |a финансы 
610 1 |a доходы 
610 1 |a расходы 
610 1 |a ценообразование 
610 1 |a налогообложение 
610 1 |a организация производства 
610 1 |a планирование 
610 1 |a логистика 
610 1 |a маркетинг 
610 1 |a инновации 
610 1 |a инновационная активность 
610 1 |a инвестиционная деятельность 
610 1 |a устойчивое развитие 
610 1 |a коммерческие организации 
610 1 |a аналитическая деятельность 
610 1 |a деловая активность 
610 1 |a экономический анализ 
610 1 |a рентабельность 
610 1 |a учебные пособия 
686 |a У9(2)29я73  |v LBC/SL-A  |2 rubbk 
700 1 |a Балашов  |b А. И.  |g Алексей Игоревич 
801 1 |a RU  |b 63413507  |c 20101101 
801 2 |a RU  |b 63413507  |c 20141001  |g RCR 
900 |a Экономика фирмы 
900 |a Экономика фирмы (предприятия) 
942 |c BK 
959 |a 74/20101028  |d 1  |e 240,80  |f ЧЗГЛ:1